Statistiken für Größte Städte in Österreich und Schweiz mit Karte

Klicken Sie hier um das Quiz zu spielen!

Allgemein

  • Dieses Quiz wurde 285 mal gespielt
  • Das Durchschnittsergebnis liegt bei 27 aus 50

Antworten auf der Karte

Die Antworten werden auf der Karte rot bzw. grün angezeigt, abhängig davon wie oft sie richtig erraten wurden.
 

Antwortstatistiken

EinwohnerStadt% Korrekt
1.920.949Wien
100%
396.027Zürich
99%
155.416Salzburg
98%
140.634Bern
97%
194.565Genf
96%
131.059Innsbruck
96%
291.134Graz
93%
175.131Basel
92%
206.537Linz
92%
101.765Klagenfurt am Wörthersee
82%
81.284Luzern
82%
29.534Bregenz
81%
75.310St. Gallen
80%
135.629Lausanne
75%
55.878St. Pölten
73%
63.236Villach
69%
46.456Wiener Neustadt
68%
63.668Lugano
64%
106.778Winterthur
63%
50.257Dornbirn
62%
35.927Schaffhausen
62%
38.288Freiburg
60%
34.547Chur
57%
34.538Feldkirch
56%
62.654Wels
55%
33.641Neuenburg
54%
53.667Biel/Bienne
53%
43.303Thun
50%
28.603Zug
49%
37.952Steyr
45%
25.817Baden
42%
24.876Krems an der Donau
33%
33.296Sitten
32%
27.588Klosterneuburg
31%
25.031Wolfsberg
31%
24.578Frauenfeld
30%
26.208Montreux
30%
28.938Leonding
24%
33.412Uster
24%
24.828Traun
22%
29.406Yverdon-les-Bains
21%
39.998Köniz
20%
39.027La Chaux-de-Fonds
20%
26.875Rapperswil-Jona
19%
29.292Emmen
18%
26.759Dübendorf
17%
34.477Vernier
15%
27.229Kriens
13%
26.277Dietikon
12%
30.919Lancy
12%

Verteilung der Resultate

Perzentil nach korrekt beantworteten Fragen

Anzahl Personen mit jedem Resultat

Ihre Resultats-Entwicklung

Sie haben dieses Quiz noch nicht gespielt